<?xml version="1.0" encoding="UTF-8"?><?xml-stylesheet type="text/xsl" href="static/style.xsl"?><OAI-PMH xmlns="http://www.openarchives.org/OAI/2.0/" xmlns:xsi="http://www.w3.org/2001/XMLSchema-instance" xsi:schemaLocation="http://www.openarchives.org/OAI/2.0/ http://www.openarchives.org/OAI/2.0/OAI-PMH.xsd"><responseDate>2026-04-13T04:03:11Z</responseDate><request verb="GetRecord" identifier="oai:www.recercat.cat:2099.1/25942" metadataPrefix="marc">https://recercat.cat/oai/request</request><GetRecord><record><header><identifier>oai:recercat.cat:2099.1/25942</identifier><datestamp>2025-07-23T04:03:51Z</datestamp><setSpec>com_2072_1033</setSpec><setSpec>col_2072_452951</setSpec></header><metadata><record xmlns="http://www.loc.gov/MARC21/slim" xmlns:dcterms="http://purl.org/dc/terms/" xmlns:xsi="http://www.w3.org/2001/XMLSchema-instance" xmlns:doc="http://www.lyncode.com/xoai" xsi:schemaLocation="http://www.loc.gov/MARC21/slim http://www.loc.gov/standards/marcxml/schema/MARC21slim.xsd">
   <leader>00925njm 22002777a 4500</leader>
   <datafield ind2=" " ind1=" " tag="042">
      <subfield code="a">dc</subfield>
   </datafield>
   <datafield ind2=" " ind1=" " tag="720">
      <subfield code="a">Espaillat Báez, Andrea Victoria</subfield>
      <subfield code="e">author</subfield>
   </datafield>
   <datafield ind2=" " ind1=" " tag="720">
      <subfield code="a">Avellaneda López, Alina</subfield>
      <subfield code="e">author</subfield>
   </datafield>
   <datafield ind2=" " ind1=" " tag="260">
      <subfield code="c">2015-01-26</subfield>
   </datafield>
   <datafield ind2=" " ind1=" " tag="520">
      <subfield code="a">Con el paso del tiempo la exposición permanente a los factores ambientales y el uso&#xd;
frecuente que realizan los usuarios de las edificaciones, van provocando paulatinamente&#xd;
que su vida útil vaya decreciendo.&#xd;
Conocer los problemas que atentan contra seguridad de la infraestructura y las&#xd;
instalaciones, es imprescindible para brindar un servicio hospitalario adecuado, eficiente y&#xd;
de alta calidad.&#xd;
Los centros de salud de carácter público en la República Dominicana tienen la necesidad&#xd;
continua de mejorar la calidad de atención brindada a los pacientes con instalaciones en&#xd;
óptimas condiciones, pero también buscan reducir los altos gastos en reparaciones de las&#xd;
mismas.&#xd;
Al mismo tiempo, propietarios, personal y usuarios de los hospitales esperan un alto nivel de&#xd;
rendimiento de las infraestructuras y riesgos minimizados. El objetivo de esta investigación&#xd;
es mantener las instalaciones hospitalarias en las mejores condiciones de operación,&#xd;
funcionalidad y seguridad, con el propósito de facilitar la prestación de óptimos servicios a&#xd;
los pacientes.&#xd;
El presente trabajo de investigación aborda la problemática del deterioro prematuro y de la&#xd;
rehabilitación de los hospitales en República Dominicana, desarrollando un modelo de&#xd;
gestión del mantenimiento preventivo en los hospitales, teniendo en consideración la&#xd;
característica de mejora continua en el tiempo.&#xd;
El modelo propuesto fue implementando en tres hospitales y el resultado fue que el costo de&#xd;
invertir en prevenir las fallas de las zonas analizadas es más bajo, que el costo que resultó&#xd;
atenderlas correctivamente.&#xd;
Con este trabajo se podrá minimizar el mantenimiento correctivo, disminuyendo los gastos de explotación del edificio y asegurando su sostenibilidad y la seguridad de los usuarios.</subfield>
   </datafield>
   <datafield ind2=" " ind1=" " tag="520">
      <subfield code="a">English: While the time passes, the permanent exposure to environmental factors and the frequent&#xd;
use of the buildings, causes a gradually life decrease on them.&#xd;
Health centers of public character in the Dominican Republic have a continuing need of&#xd;
improving the quality of care provided to patients with facilities in optimal conditions, but also&#xd;
seek to reduce the high repair costs thereof.&#xd;
Knowing the problems that threaten safety of infrastructure and facilities, it is essential to&#xd;
provide adequate, efficient and high quality hospital services.&#xd;
At the same time, owners, staff and hospital users expect a high level of infrastructure&#xd;
performance and risks minimized. The objective of this research is to maintain hospital&#xd;
facilities in the best operating conditions, functionality and security, in order to facilitate the&#xd;
provision of optimal services to patients.&#xd;
This research addresses the problem of premature deterioration and rehabilitation of&#xd;
hospitals in Dominican Republic, developing a management model of preventive&#xd;
maintenance in hospitals, considering the characteristic of continuous improvement over&#xd;
time.&#xd;
The proposed model was implemented in three hospitals and the result was that the cost of&#xd;
investing in preventing failures in the study areas is lower than the cost that resulted meet&#xd;
them correctively.&#xd;
This work may minimize corrective maintenance, reducing operating costs of the building and&#xd;
ensuring sustainability and security of users.</subfield>
   </datafield>
   <datafield tag="653" ind2=" " ind1=" ">
      <subfield code="a">Àrees temàtiques de la UPC::Edificació::Instal·lacions i acondicionament d’edificis</subfield>
   </datafield>
   <datafield tag="653" ind2=" " ind1=" ">
      <subfield code="a">Àrees temàtiques de la UPC::Edificació::Rehabilitació d’edificis</subfield>
   </datafield>
   <datafield tag="653" ind2=" " ind1=" ">
      <subfield code="a">Hospital buildings--Dominican Republic</subfield>
   </datafield>
   <datafield tag="653" ind2=" " ind1=" ">
      <subfield code="a">Building fittings</subfield>
   </datafield>
   <datafield tag="653" ind2=" " ind1=" ">
      <subfield code="a">Edificis hospitalaris--República dominicana</subfield>
   </datafield>
   <datafield tag="653" ind2=" " ind1=" ">
      <subfield code="a">Edificis--Instal·lacions</subfield>
   </datafield>
   <datafield ind2="0" ind1="0" tag="245">
      <subfield code="a">Sistema de gestión del mantenimiento preventivo en los hospitales de República Dominicana</subfield>
   </datafield>
</record></metadata></record></GetRecord></OAI-PMH>